• 首页
  • 本馆介绍
  • 公告通知
  • 最新文献
  • 馆藏检索
  • 电子资源
  • 读者导购
  • 参考咨询
  • 我的图书馆
  • 登录
  • 详细信息显示
  • 放入我的书架
  • 预约/预借图书
  • 作者相关作品
  • 分类相关作品
  • 丛书相关作品
  • 出版社相关作品

书目信息

  • 表格格式
  • 工作单格式
  • 卡片格式
题名:
新编小学生同义词词典
    
 
作者: 洪宇 主编
分册:  
出版信息: 北京   京华出版社  1995
页数: 278页
开本: 20cm
丛书名:
单 册:
中图分类: G624.2
科图分类: 38.6341
主题词: 汉语-同义词词典--小学 , 同义词词典-汉语--小学
电子资源:
ISBN: 7-80600-087-9
000 00645nam2 2200217 45
001 0197043032
005 20070920110459.29
010    @a7-80600-087-9@dCNY8.60
100    @a19950304e1995 c y0chiy0121 ea
101 0  @achi
105    @ay e 001yy
200 10 @a新编小学生同义词词典@Axin bian xiao xue sheng tong yi ci ci dian@f洪宇等主编@Fhong yu deng zhu bian
210    @a北京@c京华出版社@d1995@h1996
215    @a278页@d20cm
606    @a汉语-同义词词典@x小学
606    @a同义词词典-汉语@x小学
690    @aG624.2@v3
692    @a38.6341@v2
701  0 @a洪宇@Ahong yu@4主编
801  0 @aCN@bTSSF@c20070920
905    @a10447@dG624.2@e317
    
    新编小学生同义词词典/洪宇等主编.-北京:京华出版社,1995(1996)
    278页;20cm
    
    
    ISBN 7-80600-087-9:CNY8.60
    
●
相关链接 在E读中查询图书 在五车中查询图书 在当当中查询图书 在豆瓣中查询图书


正题名:新编小学生同义词词典     索取号:G624.2/317         预约/预借

序号 登录号 条形码 馆藏地/架位号 状态 备注
1 0765777   207657775   第一样本阅览室/ [索取号:G624.2/317] 在馆    
2 0792435   207924353   第四借阅区/ [索取号:G624.2/317] 在馆    
唐山师范学院图书馆 欢迎您!
大连网信软件有限公司© 版权所有